000 00342nam a2200157Ia 4500
100 _aChase/ Aquilano/ Jacobs
250 _a8
942 _cBK
654 _aOperation
245 _aProduction & Operation Management
260 _bTata Mc Graw hill
_c1998
082 _a658.5
_bCHA/AQU
300 _a889
546 _aENGLISH
999 _c20847
_d20847